Absolventi vysokých škol na pracovním trhu

Vývoj počtu absolventov vysokých škôl. Zamestnateľnosť absolventov. Medzinárodné porovnanie uplatnenia sa absolventov. Hodnotenie jednotlivých fakúlt Univerzity Karlovej.

Saved in:
Bibliographic Details
Main Author: Koucký, J.
Other Authors: Voříšek, Petr, Zelenka, Martin
Format: Book Chapter
Language:Czech
Subjects:
Tags: Add Tag
No Tags, Be the first to tag this record!

MARC

LEADER 00000naa$a2200000$$$4500
001 0088683
005 20230919104916.4
041 0 |a cze 
044 |a CZ 
245 1 0 |a Absolventi vysokých škol na pracovním trhu  |c J. Koucký, Petr Voříšek, Martin Zelenka 
520 |a Vývoj počtu absolventov vysokých škôl. Zamestnateľnosť absolventov. Medzinárodné porovnanie uplatnenia sa absolventov. Hodnotenie jednotlivých fakúlt Univerzity Karlovej. 
610 2 0 |a školy vysoké 
610 2 0 |a absolventi 
610 2 0 |a vzdelávanie vysokoškolské 
610 2 0 |a univerzity 
100 1 |a Koucký, J. 
700 1 |a Voříšek, Petr 
700 1 |a Zelenka, Martin